Fundamentos de política económica (Registro nro. 5269)
[ vista simple ]
| 000 -LEADER | |
|---|---|
| fixed length control field | 01627 a2200205 4500 |
| 001 - CONTROL NUMBER | |
| control field | 53854 |
| 005 - DATE AND TIME OF LATEST TRANSACTION | |
| control field | 20260407155809.0 |
| 008 - FIXED-LENGTH DATA ELEMENTS--GENERAL INFORMATION | |
| fixed length control field | 260407a1956 arg spa d |
| 003 - CONTROL NUMBER IDENTIFIER | |
| control field | AR-UNSa-BCEJYS |
| 040 ## - CATALOGING SOURCE | |
| Original cataloging agency | AR-UNSa-BCEJYS |
| Language of cataloging | spa |
| Transcribing agency | AR-UNSa-BCEJYS |
| 080 ## - UNIVERSAL DECIMAL CLASSIFICATION NUMBER | |
| Universal Decimal Classification number | 338.2 |
| Common auxiliary subdivision | Política económica. Control de la economía. Gestión de la economía. Planificación económica |
| 100 1# - MAIN ENTRY--PERSONAL NAME | |
| Personal name | Eucken, Walter |
| 245 10 - TITLE STATEMENT | |
| Title | Fundamentos de política económica |
| 264 #1 - PRODUCTION, PUBLICATION, DISTRIBUTION, MANUFACTURE, AND COPYRIGHT NOTICE | |
| Place of production, publication, distribution, manufacture | Madrid : |
| Name of producer, publisher, distributor, manufacturer | Ediciones Rialp |
| Date of production, publication, distribution, manufacture, or copyright notice | 1956 |
| 300 ## - PHYSICAL DESCRIPTION | |
| Extent | 536 p. |
| Dimensions | 21 cm. |
| 505 ## - FORMATTED CONTENTS NOTE | |
| Formatted contents note | 1. El problema - 2. Masificación, luchas por el poder, ideología - 3. Pensar en Ordenes - 4. La política económica del "laissez-faire" - 5. La política económica experimental - 6. La política de dirección centralizda del proceso económico - 7. El proceso económico en la política centralizada - 8. La política económica de dirección centralizada: crítica - 9. La política económica de la vida media - 10. La política - económica de la época experimental .Su resultado - 11. Otra vez el problema - 12. El mito de evolucionismo - 13. El hecho histórico.Consecuencias para la política económica - 14. La técnica, la concentración y el orden de la economía - 15. La política de la libre competencia.Introducción - 16. La política del orden de la competencia . Los principios constituyentes - 17. La política del orden de la competencia. Los principios reguladores - 19. La política económica de la vida media - 20. Bien individual, principio y bien común |
| 590 ## - LOCAL NOTE (RLIN) | |
| Local note | niveau_biblio:m niveau_hierar:0 |
| 700 1# - ADDED ENTRY--PERSONAL NAME | |
| Personal name | Gómez Demás, José Luis |
| 942 ## - ADDED ENTRY ELEMENTS (KOHA) | |
| Koha item type | |
| Withdrawn status | Lost status | Damaged status | Not for loan | Home library | Current library | Shelving location | Date acquired | Total checkouts | Full call number | Barcode | Date last seen | Price effective from | Koha item type |
|---|---|---|---|---|---|---|---|---|---|---|---|---|---|
| Biblioteca Prof. Eusebio Cleto del Rey | Biblioteca Prof. Eusebio Cleto del Rey | 07/04/2026 | 338.2 E86 | L20254 | 07/04/2026 | 07/04/2026 | Libro | ||||||
| Biblioteca Prof. Eusebio Cleto del Rey | Biblioteca Prof. Eusebio Cleto del Rey | 07/04/2026 | 338.2 E86 | L20253 | 07/04/2026 | 07/04/2026 | Libro |